UBT Library

American foreign policy : (Record no. 43571)

000 -LEADER
fixed length control field 00904cam a2200301 a 4500
001 - CONTROL NUMBER
control field 15822658
005 - DATE AND TIME OF LATEST TRANSACTION
control field 20180227053415.0
008 - FIXED-LENGTH DATA ELEMENTS--GENERAL INFORMATION
fixed length control field 090717s2011 mau b 000 0 eng d
010 ## - LIBRARY OF CONGRESS CONTROL NUMBER
LC control number 2009932855
020 ## - INTERNATIONAL STANDARD BOOK NUMBER
International Standard Book Number 9780547198286 (pbk.)
020 ## - INTERNATIONAL STANDARD BOOK NUMBER
International Standard Book Number 0547198280 (pbk.)
035 ## - SYSTEM CONTROL NUMBER
System control number (OCoLC)ocn432984655
040 ## - CATALOGING SOURCE
Original cataloging agency BTCTA
Transcribing agency BTCTA
Modifying agency UPP
-- MIR
-- YDXCP
-- DLC
041 ## - LANGUAGE CODE
Language code of text/sound track or separate title eng
042 ## - AUTHENTICATION CODE
Authentication code lccopycat
043 ## - GEOGRAPHIC AREA CODE
Geographic area code n-us---
080 ## - UNIVERSAL DECIMAL CLASSIFICATION NUMBER
Universal Decimal Classification number 321
082 ## - DEWEY DECIMAL CLASSIFICATION NUMBER
Edition number 321 IKE
100 ## - Rafti
Rafti 15
101 ## - Shkurtesa
Shkurtesa SHP
245 00 - TITLE STATEMENT
Title American foreign policy :
Statement of responsibility, etc G. John Ikenberry, editor.
504 ## - BIBLIOGRAPHY, ETC. NOTE
Bibliography, etc Includes bibliographical references.
906 ## - LOCAL DATA ELEMENT F, LDF (RLIN)
a 7
b cbc
c copycat
d 2
e ncip
f 20
g y-gencatlg
942 ## - ADDED ENTRY ELEMENTS (KOHA)
Source of classification or shelving scheme
Item type Books
Holdings
Withdrawn status Lost status Source of classification or shelving scheme Damaged status Not for loan Collection code Permanent location Current location Shelving location Date acquired Total Checkouts Full call number Barcode Date last seen Price effective from Koha item type
          Koleksioni i përgjithshem UBT - Lipjan UBT - Lipjan Koleksioni i përgjithshem 02/27/2018   321 IKE 002-3000164 02/27/2018 02/27/2018 Books
UBT Library © 2015-2024. All rights reserved University Education for Business and Technology